Designing with standards (Record no. 1450)

MARC details
000 -LEADER
fixed length control field 00353nam a2200145Ia 4500
008 - FIXED-LENGTH DATA ELEMENTS--GENERAL INFORMATION
fixed length control field 130318s9999 xx 000 0 und d
020 ## - INTERNATIONAL STANDARD BOOK NUMBER
International Standard Book Number 9780321385550
082 ## - DEWEY DECIMAL CLASSIFICATION NUMBER
Classification number 006.7 ZEL/D
100 ## - MAIN ENTRY--PERSONAL NAME
Personal name Zeldman, Jeffrey
245 ## - TITLE STATEMENT
Title Designing with standards
250 ## - EDITION STATEMENT
Edition statement 2
260 ## - PUBLICATION, DISTRIBUTION, ETC.
Name of publisher, distributor, etc. New Riders
Place of publication, distribution, etc. California
Date of publication, distribution, etc. 2007
300 ## - PHYSICAL DESCRIPTION
Extent 410
650 ## - SUBJECT ADDED ENTRY--TOPICAL TERM
Topical term or geographic name entry element WEB PAGE DESIGN
Holdings
Withdrawn status Lost status Damaged status Not for loan Collection code Home library Current library Shelving location Date acquired Cost, normal purchase price Total Checkouts Full call number Barcode Date last seen Price effective from Koha item type
        Web Design / Web Technology Kerala University of Digital Sciences, Innovation and Technology Knowledge Centre Kerala University of Digital Sciences, Innovation and Technology Knowledge Centre Computer Science 18/03/2013 1875.00   006.7 ZEL/D 1457 18/03/2013 18/03/2013 Books